00745nam a2200193 a 450000100100000000500170001000800410002704000250006808200150009310000410010824500810014926000540023030000280028449000320031250000380034483000390038295201130042199900170053400004227420201002040039.0131121s1968 sp ac 000 0 spa d aDO-SdBNPbspacBNPHU axxxbV393a1 aVázquez Montalbán, Manuel94550710aAntología de la «Nova Cancó» Catalana /cManuel Vázquez Montalbán. aBarcelona :bEdiciones de Cultura Popular,c1968. a290 p. :bil. ;c24 cm.1 aPapeles sociales ilustrados aIncluye discografía: p. 252-289 0aPapeles sociales ilustrados969312 001050718MOaGRbGRcCTd2013-11-21iLF1l0oxxx V393ap42274-10r2020-06-25w2020-06-25y1ZNo se presta c41763d41763